Nezamestnanosť ako indikátor ekonomického procesu
Definovanie podmienok nezamestnanosti podľa ILO-Medzinárodného úradu práce. Príčiny nezamestnanosti. Metodiky vykazovania nezamestnanosti. Evidovaná nezamestnanosť.
Enregistré dans:
| Auteur principal: | |
|---|---|
| Format: | Chapitre de livre |
| Langue: | slovaque |
| Sujets: | |
| Tags: |
Pas de tags, Soyez le premier à ajouter un tag!
|
MARC
| LEADER | 00000naa$a2200000$$$4500 | ||
|---|---|---|---|
| 001 | 0056023 | ||
| 005 | 20240502071634.0 | ||
| 041 | 0 | |a slo | |
| 044 | |a SK | ||
| 245 | 1 | 0 | |a Nezamestnanosť ako indikátor ekonomického procesu |c Michaela Pechová |
| 520 | |a Definovanie podmienok nezamestnanosti podľa ILO-Medzinárodného úradu práce. Príčiny nezamestnanosti. Metodiky vykazovania nezamestnanosti. Evidovaná nezamestnanosť. | ||
| 610 | 2 | 0 | |a trh práce |
| 610 | 2 | 0 | |a metodika |
| 610 | 2 | 0 | |a situácia sociálna |
| 610 | 2 | 0 | |a miesta pracovné voľné |
| 610 | 2 | 0 | |a Slovensko |
| 610 | 2 | 0 | |a nezamestnanosť |
| 100 | 1 | |a Pechová, Michaela, 1977- | |